000 00397nam a2200121Ia 4500
008 220204s9999 xx 000 0 und d
082 _a575.224:57.082.25
_bMUT
245 0 _aMutation breeding for disease resistance: Proceedings of a panel on mutation breeding for disease resistance
260 _aVienna
_bIAEA
_c1971
650 _aCrops plant breeding
650 _aMutation breeding
942 _cBK
999 _c23285
_d23285